<?xml version="1.0" encoding="UTF-8"?><?xml-stylesheet type="text/xsl" href="static/style.xsl"?><OAI-PMH xmlns="http://www.openarchives.org/OAI/2.0/" xmlns:xsi="http://www.w3.org/2001/XMLSchema-instance" xsi:schemaLocation="http://www.openarchives.org/OAI/2.0/ http://www.openarchives.org/OAI/2.0/OAI-PMH.xsd"><responseDate>2026-06-01T13:37:46Z</responseDate><request verb="GetRecord" identifier="oai:riuma.uma.es:10630/7885" metadataPrefix="marc">https://riuma.uma.es/rest/oai/request</request><GetRecord><record><header><identifier>oai:riuma.uma.es:10630/7885</identifier><datestamp>2026-02-03T12:12:57Z</datestamp><setSpec>com_10630_2254</setSpec><setSpec>col_10630_37959</setSpec></header><metadata><record xmlns="http://www.loc.gov/MARC21/slim" xmlns:dcterms="http://purl.org/dc/terms/" xmlns:doc="http://www.lyncode.com/xoai" xmlns:xsi="http://www.w3.org/2001/XMLSchema-instance" xsi:schemaLocation="http://www.loc.gov/MARC21/slim http://www.loc.gov/standards/marcxml/schema/MARC21slim.xsd">
   <leader>00925njm 22002777a 4500</leader>
   <datafield ind2=" " ind1=" " tag="042">
      <subfield code="a">dc</subfield>
   </datafield>
   <datafield ind2=" " ind1=" " tag="720">
      <subfield code="a">López-Claros, Marina</subfield>
      <subfield code="e">author</subfield>
   </datafield>
   <datafield ind2=" " ind1=" " tag="720">
      <subfield code="a">Purhoit, Pablo</subfield>
      <subfield code="e">author</subfield>
   </datafield>
   <datafield ind2=" " ind1=" " tag="720">
      <subfield code="a">Vadillo-Pérez, José Miguel</subfield>
      <subfield code="e">author</subfield>
   </datafield>
   <datafield ind2=" " ind1=" " tag="720">
      <subfield code="a">Laserna-Vázquez, José Javier</subfield>
      <subfield code="e">author</subfield>
   </datafield>
   <datafield ind2=" " ind1=" " tag="260">
      <subfield code="c">2014-07-22</subfield>
   </datafield>
   <datafield ind2=" " ind1=" " tag="520">
      <subfield code="a">The large majority of laser-induced plasmas experiments are performed on metals in air at atmospheric pressure, where recombination mechanisms do not play a significant role, as the primary emission lines of interest are significantly more intense than those derived from recombination with air, particularly those yielding oxides. Due to the large number of electronic transitions commonly attainable on metals, many intense emission lines are&#xd;
recorded and different regions of interest useful for identification and quantification purposes may be assigned.&#xd;
The main difficulties in the interpretation of the molecular emission of species containing C, N, O or H relies on the questions concerning their origin: direct release from native bonds or recombination with ambient constituents. In&#xd;
other words: does the resultant spectrum mimic the structure of a molecule or the molecular information gets lost in the course of the secondary reactions? Considering that the spectrum observed is always a convolution of primary&#xd;
and secondary processes, experiments in vacuum or in controlled atmospheres may help to address such questions. The present work shows detailed experiments where spatially- and temporally-resolved optical emission spectroscopy of laser-produced plasmas on organic compounds has been performed. The experiments cover a pressure range from 1000 mbar to 10-3 mbar that allows a precise observation of the effect of the surrounding atmosphere in the formation of species by recombination.</subfield>
   </datafield>
   <datafield ind1="8" ind2=" " tag="024">
      <subfield code="a">http://hdl.handle.net/10630/7885</subfield>
   </datafield>
   <datafield tag="653" ind2=" " ind1=" ">
      <subfield code="a">Espectroscopía de plasma</subfield>
   </datafield>
   <datafield ind2="0" ind1="0" tag="245">
      <subfield code="a">Characterization of Laser-Induced Plasmas Of Organic Compounds by spatially- and temporally resolved optical emission spectrometry</subfield>
   </datafield>
</record>
</metadata></record></GetRecord></OAI-PMH>